00446nam a2200169 a 45000010005000000030009000050080041000140400028000550820014000831000028000972450032001252600053001573000010002106500027002209420012002479990017002595393CO-ViMGA141112s2004 ck r 000 u spa d aCO-ViMGAbspacCO-ViMGA04a813.2 P631 aPoe, Edgar Allan91135910aNarraciones extraordinarias aSantafé de Bogotá : bPanAméricana, c1997 a312 p14aCUENTOS INGLESES93054 2ddccBK c17384d17384